000 00755nam a22002292 4500
001 0000006298
005 20151217145831.0
008 071015s xx 000 0 eng d
020 _a8129704102 :
_cKES3360
040 _aKABU
_cKABU
100 1 _aLevine, David M.
_@0000150536
245 1 0 _aBusiness statistics :
_ba first course /
_cDavid M. Levine, Timothy C. Krehbiel, Mark L. Berenson.
250 _a3rd ed.
260 _aDelhi :
_bPearson Education ( Singapore),
_c2003.
300 _axx, 731 p. +
_e1 cd-rom.
650 0 _aBusiness statistics.
_@0000157715
700 1 _aKrehbiel, Timothy C.
_@0000157716
700 1 _aBerenson, Mark L.
_@0000150540
908 _a071015
950 _@1
999 _c3098
_d3098